Els Noms catalans dels bolets : ordre dels agaricals / Francesc Masclans ordre dels agaricals / Francesc Masclans
Descripción Física:
78, [6] p. : [1] map. pleg. ; 25 cm
Materias:
Bolets -- Catalunya -- Terminologia
MARC
| LEADER | 00000nam a2200000Ia 4500 | ||
|---|---|---|---|
| 001 | 8905 | ||
| 008 | 160829s1975 xx 000 0 cat d | ||
| 080 | |a C-1-244 | ||
| 100 | |a Masclans i Girvés, Francesc |9 25065 | ||
| 245 | |a Els Noms catalans dels bolets : |b ordre dels agaricals / Francesc Masclans | ||
| 260 | |a Barcelona : |b Institut d'Estudis Catalans, |c 1975 | ||
| 300 | |a 78, [6] p. : |b [1] map. pleg. ; |c 25 cm | ||
| 490 | |a Arxius de la Secció de Ciències. Institut d'Estudis Catalans ; 54 | ||
| 590 | |a Borsa d'Estudi Joaquim Codina | ||
| 650 | |a Bolets |x Catalunya |x Terminologia |9 25066 | ||
| 710 | 2 | |a Institut d'Estudis Catalans |9 52284 | |
| 901 | |a Arxiu | ||
| 942 | |n 1 | ||
| 952 | |0 0 |1 0 |4 0 |6 C1244 |7 1 |9 43432 |a Arxiu |b Arxiu |d 2016-12-01 |l 0 |o C-1-244 |p 8905 |r 2016-12-01 00:00:00 |w 2016-12-01 |y ARXIU | ||
| 999 | |c 45978 |d 45978 | ||